000 01153cam a2200301 a 4500
001 0000003979
003 OSt
005 20140825164144.0
008 840510r19841784tnu b 00010 eng
020 _a0687406323 (pbk.)
035 _a 84161055 //r87
040 _aPUL
_cPUL
050 _aBX8337
_b.W43 1984
100 1 0 _aWesley, John,
_d1703-1791.
240 1 0 _aSunday service of the Methodists in North America
245 1 0 _aJohn Wesley's Sunday service of the Methodists in North America /
_cwith an introduction by James F. White.
260 0 _a[Nashville, Tenn.] :
_bQuarterly Review,
_cc1984.
300 _a37, [107] p. ;
_c23 cm.
440 0 _aQuarterly review reprint series
500 _aOriginally published: Sunday service of the Methodists in North America : London, 1784.
504 _aBibliography: p. 37 (1st group)
610 2 0 _aMethodist Episcopal Church
_xLiturgy
_xTexts.
650 0 _aMethodist Church
_xLiturgy
_xTexts.
710 2 1 _aMethodist Episcopal Church.
_tSunday service of the Methodists in North America.
740 0 1 _aSunday service of the Methodists in North America.
908 _a050322
942 _2lcc
_cBK
999 _c3838
_d3838